| 000 | 00607nam a2200217 a 4500 | ||
|---|---|---|---|
| 999 |
_c2826 _d2826 |
||
| 001 | 2826 | ||
| 003 | BD-JhCC | ||
| 005 | 20171107095942.0 | ||
| 008 | 171107s1968 bg |||| ||a| 000 0 ben d | ||
| 035 | _a(BD-JhCC)2826 | ||
| 040 |
_aBD-JhCC _dBD-JhCC |
||
| 041 | _aben | ||
| 082 |
_a891.4409 _bUDD 1968 |
||
| 100 | _aউদদীন, জসীম | ||
| 245 |
_aস্মৃতির পট / _cজসীম উদদীন |
||
| 260 |
_aঢাকা : _bপলাশ প্রকাশনী, _c1968. |
||
| 300 |
_a195 p. : _c21 cm. |
||
| 650 | _aBengali Literature | ||
| 942 |
_2ddc _cBK |
||